Normal view
MARC view
- ELECTRICAL TECHNOLOGY .AC AND DC MACHINES
Entry Topical Term
001 - CONTROL NUMBER
- control field: 7492
003 - CONTROL NUMBER IDENTIFIER
- control field: NUST
005 - DATE AND TIME OF LATEST TRANSACTION
- control field: 20171220120442.0
008 - FIXED-LENGTH DATA ELEMENTS
- fixed length control field: 171220|| aca||aabn | a|a d
040 ## - CATALOGING SOURCE
- Original cataloging agency: NUST
- Transcribing agency: NUST
150 ## - HEADING--TOPICAL TERM
- Topical term or geographic name entry element: ELECTRICAL TECHNOLOGY .AC AND DC MACHINES
670 ## - SOURCE DATA FOUND
- Source citation: Work cat.: (NUST)329255: THERAJA, B.L 7131, A Textbook of Electrical Technology Vol-II, 2010
